000 00684nam a22002770a 4500
001 PT61521
003 AR-LpoUNG
005 20210131232032.0
008 191001s1988||||xxk|||||||||||||||||eng d
020 _a0582558921
_c$27.00
040 _aAR-LpoUNG
_bspa
_cAR-LpoUNG
_eaacr
041 _aeng
044 _axxk
082 0 _a425 374long
100 1 _aAlexander, L. G.
245 1 0 _aLongman english grammar
250 _a1ra. ed.
260 _aLondon :
_bLongman,
_c1988.
300 _ax, 374 p. :
_bfot.
650 4 _aENSEƑANZA DE IDIOMAS
650 4 _aGRAMATICA
650 4 _aLABORATORIOS DE IDIOMAS
650 4 _aLENGUA INGLESA
905 _a61521
942 _cLIB
999 _c13398
_d13398